| 000 | 00448nam a2200145Ia 4500 | ||
|---|---|---|---|
| 008 | 211109s9999||||xx |||||||||||||| ||und|| | ||
| 082 |
_a894.81292 _bMOH-M |
||
| 100 | _aMohanan, P K | ||
| 245 | 0 | _aMahacharithamala | |
| 260 |
_bNATIONAL BOOKSTALL _aKottayam _c1983 |
||
| 300 | _a100p. | ||
| 630 | _xGeneral Stack | ||
| 650 |
_aBiography, genealogy & insignia _vAltaic, Uralic, Hyperborean & Dravidian _xLiterature & rhetoricGeneralia |
||
| 942 | _cBOOK | ||
| 999 |
_c93814 _d93814 |
||